Geography Multi-select #28 - Statistics

General Stats
  • This quiz has been taken 14 times
  • The average score is 60 of 90
Answer Stats
Question Tile Select % Correct
countries with a coastline on the Solomon Sea. Palau No
92%
sovereign states with at least one capital city (of any type) whose name begins with “T.” Albania Yes
83%
Belizean municipalities with a population greater than 10,400 (2010 census). Belize City Yes
83%
national capitals (of any type) of a sovereign state whose English language name begins with “S.” Bratislava Yes
83%
national capitals (of any type) of a sovereign state whose English language name begins with “S.” Bridgetown No
83%
JetPunk sovereign states where Standard Chinese is an official language. Cambodia No
83%
national capitals (of any type) of a sovereign state whose English language name begins with “S.” Caracas No
83%
JetPunk sovereign states where Standard Chinese is an official language. China Yes
83%
national capitals (of any type) of a sovereign state whose English language name begins with “S.” Freetown Yes
83%
Belizean municipalities with a population greater than 10,400 (2010 census). Honey Camp No
83%
JetPunk sovereign states where Standard Chinese is an official language. Indonesia No
83%
sovereign states with at least one capital city (of any type) whose name begins with “T.” Iran Yes
83%
sovereign states with at least one capital city (of any type) whose name begins with “T.” Libya Yes
83%
sovereign states with a coastline on the Mozambique Channel. Malawi No
83%
sovereign states with a coastline on the Mozambique Channel. Mauritius No
83%
sovereign states with a coastline on the Mozambique Channel. Mozambique Yes
83%
U.S. states that border Connecticut. New Jersey No
83%
U.S. states that border Connecticut. New York Yes
83%
sovereign states with at least one capital city (of any type) whose name begins with “T.” Nigeria No
83%
Arizona municipalities with a population greater than 250,000 (2020 census). Phoenix Yes
83%
sovereign states with at least one capital city (of any type) whose name begins with “T.” Samoa No
83%
national capitals (of any type) of a sovereign state whose English language name begins with “S.” Singapore Yes
83%
countries with a coastline on the Solomon Sea. Solomon Islands Yes
83%
sovereign states with a coastline on the Mozambique Channel. Somalia No
83%
JetPunk sovereign states where Standard Chinese is an official language. South Korea No
83%
JetPunk sovereign states where Standard Chinese is an official language. Taiwan Yes
83%
Arizona municipalities with a population greater than 250,000 (2020 census). Tucson Yes
83%
sovereign states with at least one capital city (of any type) whose name begins with “T.” Tunisia Yes
83%
sovereign states with at least one capital city (of any type) whose name begins with “T.” United States No
83%
Belizean municipalities with a population greater than 10,400 (2010 census). Belmopan Yes
75%
sovereign states with at least one capital city (of any type) whose name begins with “T.” Bhutan Yes
75%
U.S. states that border Connecticut. Delaware No
75%
five of the smallest economies in North America (GDP (Nominal)). Dominica Yes
75%
five of the smallest economies in North America (GDP (Nominal)). El Salvador No
75%
sovereign states with a coastline on the Mozambique Channel. Eswatini No
75%
countries with a coastline on the Solomon Sea. F. S. Micronesia No
75%
national capitals (of any type) of a sovereign state whose English language name begins with “S.” Funafuti No
75%
five of the smallest economies in North America (GDP (Nominal)). Guatemala No
75%
national capitals (of any type) of a sovereign state whose English language name begins with “S.” Honiara Yes
75%
sovereign states with at least one capital city (of any type) whose name begins with “T.” Japan Yes
75%
national capitals (of any type) of a sovereign state whose English language name begins with “S.” Ljubljana Yes
75%
sovereign states with a coastline on the Mozambique Channel. Madagascar Yes
75%
U.S. states that border Connecticut. Maine No
75%
countries with a coastline on the Solomon Sea. Marshall Islands No
75%
U.S. states that border Connecticut. Massachusetts Yes
75%
Arizona municipalities with a population greater than 250,000 (2020 census). Mesa Yes
75%
U.S. states that border Connecticut. Pennsylvania No
75%
Arizona municipalities with a population greater than 250,000 (2020 census). Peoria No
75%
Belizean municipalities with a population greater than 10,400 (2010 census). Richmond Hill No
75%
five of the smallest economies in North America (GDP (Nominal)). Saint Kitts and Nevis Yes
75%
JetPunk sovereign states where Standard Chinese is an official language. Singapore Yes
75%
JetPunk sovereign states where Standard Chinese is an official language. Vietnam No
75%
National Historic Landmarks in Alabama. Ammadelle No
67%
countries with a coastline on the Solomon Sea. Australia No
67%
Belizean municipalities with a population greater than 10,400 (2010 census). Estrella No
67%
countries with a coastline on the Solomon Sea. Indonesia No
67%
sovereign states with a coastline on the Mozambique Channel. Kenya No
67%
National Historic Landmarks in Alabama. Longwood No
67%
countries with a coastline on the Solomon Sea. Nauru No
67%
JetPunk sovereign states where Standard Chinese is an official language. North Korea No
67%
Belizean municipalities with a population greater than 10,400 (2010 census). Punta Negra No
67%
U.S. states that border Connecticut. Rhode Island Yes
67%
five of the smallest economies in North America (GDP (Nominal)). Saint Vincent and the Grenadines Yes
67%
national capitals (of any type) of a sovereign state whose English language name begins with “S.” St. John’s No
67%
Arizona municipalities with a population greater than 250,000 (2020 census). Tempe No
67%
five of the smallest economies in North America (GDP (Nominal)). Haiti No
58%
JetPunk sovereign states where Standard Chinese is an official language. Malaysia No
58%
U.S. states that border Connecticut. New Hampshire No
58%
countries with a coastline on the Solomon Sea. Papua New Guinea Yes
58%
sovereign states with a coastline on the Mozambique Channel. Tanzania No
58%
U.S. states that border Connecticut. Vermont No
58%
five of the smallest economies in North America (GDP (Nominal)). Antigua and Barbuda Yes
50%
countries with a coastline on the Solomon Sea. Vanuatu No
50%
National Historic Landmarks in Alabama. William Faulkner House No
50%
Arizona municipalities with a population greater than 250,000 (2020 census). Chandler Yes
42%
National Historic Landmarks in Alabama. Edmund Pettus Bridge Yes
42%
National Historic Landmarks in Alabama. First Confederate Capitol Yes
42%
five of the smallest economies in North America (GDP (Nominal)). Grenada Yes
42%
National Historic Landmarks in Alabama. Medgar and Myrlie Evers Home National Monument No
42%
Arizona municipalities with a population greater than 250,000 (2020 census). Scottsdale No
42%
National Historic Landmarks in Alabama. Ivy Green Yes
33%
Belizean municipalities with a population greater than 10,400 (2010 census). San Pedro Yes
33%
sovereign states with a coastline on the Mozambique Channel. South Africa No
33%
National Historic Landmarks in Alabama. Apalachicola Fort Yes
25%
Arizona municipalities with a population greater than 250,000 (2020 census). Glendale No
25%
five of the smallest economies in North America (GDP (Nominal)). Saint Lucia No
25%
Belizean municipalities with a population greater than 10,400 (2010 census). San Ignacio Yes
25%
Arizona municipalities with a population greater than 250,000 (2020 census). Gilbert Yes
17%
Belizean municipalities with a population greater than 10,400 (2010 census). Orange Walk Town Yes
17%
National Historic Landmarks in Alabama. Neutral Buoyancy Space Simulator Yes
8%
No matching quizzes found
Score Distribution
Percent of People with Each Score
Percentile by Number Answered
Your Score History
You have not taken this quiz